000 00691nam a2200205Ii 4500
003 JO-AjNU
008 230605s9999||||xx |||||||||||||| ||und||
040 _aJO-AjNU
_bara
_erda
_cJO-AjNU
041 _aara
050 1 4 _aBP77.7.1999
100 3 _aشعبانية،سليم فهد,
_eauthor
_915437
245 0 0 _aالغزوات والسرايا التي سيرها الرسول صلى الله عليه وسلم
250 _aط1
264 3 1 _aدمشق:مكتبة الفارابي ،1999
300 _a208ص
336 _atext
_btxt
_2rdacontent
337 _aunmediated
_bn
_2rdamedia
338 _avolume
_bnc
_2rdacarrier
650 4 _aسيرة نبوية-غزوات وفتوحات
_915438
999 _aA4360
_c7928
_d7928